00581nam a2200145 4500008004100000022001300041245007900054260011900133300001300252650002500265650002700290942000700317952009600324999001500420240219b |||||||| |||| 00| 0 eng d a07426763 aThe American journal of Islamic social sciences-Vol. 16, no. 3 (Fall 1999) aHerndon, (USA) : bThe Association of Muslim social scientists : International institute of Islamic thought,c1999 b1-148 p. aIslam -- Periodicals aMuslims -- Periodicals cCR 00102ddc4070aMAINbMAINd2024-02-25l0o305.42 AMEpRAF5033r2024-02-25w2024-02-25yCR c4763d4763